000 00905nam a22002651u 4500
001 07082
003 HDC
007 cr bn ---
008 210126p2007 o d 00 engg
040 _aHDC
100 _aDewi Hartaty Binte Suratty
_eauthor
_97571
245 0 _aHalal Food & Certification / by
_cDewi Hartaty Binte Suratty
260 _a[No Place] :
_b[publisher not identified],
_c2007
300 _a38 pages :
_billustrations
336 _atext
_2rdacontent
337 _acomputer
_2rdamedia
338 _aonline resource
_2rdacarrier
650 _ahalal certification
_9753
650 _aHalal food
_950
710 _aMajlis Ugama Islam Singapura
856 _zRequest full-text at [email protected]
942 _2lcc
942 _cSLIDE
942 _kSLID 000242
999 _c4406
_d4406